000 00291nam a2200121Ia 4500
008 240624s9999 xx 000 0 und d
041 _aeng
082 _a657 LOD
100 _aBY ROSHAN LODHA
245 _aCOST MANAGEMENT
260 _c2013
_aKolkata
_bLawpoint Publication
365 _cRS
_b15
999 _c21964
_d21964